| 000 | 00666nam a2200181Ia 4500 | ||
|---|---|---|---|
| 003 | IN-BaIIA | ||
| 008 | 211028s9999 xx 000 0 eng d | ||
| 040 | _cIIA Library | ||
| 080 |
_a523.9 _bHON |
||
| 100 |
_aHonore, Charles _91401 |
||
| 245 | 0 |
_aLoi du rayonnement thermique solaire _bses principales consequences et tables du soleil. Communication sur la decouverte de faits generaux du domaine de la meteorologie et de l'astronomie physique _cCharles Honore |
|
| 260 |
_aMontevideo _bImprimerie a vapeur La Nacion _c1896 |
||
| 300 | _a356p. | ||
| 650 | _aArchives | ||
| 650 |
_aSolar Spectrum-Tables _91402 |
||
| 650 |
_aTables-Solar Spectrum _91403 |
||
| 942 | _cBK | ||
| 999 |
_c649 _d649 |
||